TEXT BOOK OF PHARMACETICAL CHEMISTRY (Record no. 23855)

MARC details
000 -LEADER
fixed length control field 00338nam a22001457a 4500
003 - CONTROL NUMBER IDENTIFIER
control field SGT
082 ## - DEWEY DECIMAL CLASSIFICATION NUMBER
Classification number 615.7
Item number P12A
100 ## - MAIN ENTRY--PERSONAL NAME
Personal name MOHAMMED ALI
245 ## - TITLE STATEMENT
Title TEXT BOOK OF PHARMACETICAL CHEMISTRY
260 ## - PUBLICATION, DISTRIBUTION, ETC. (IMPRINT)
Place of publication, distribution, etc NEW DELHI
Name of publisher, distributor, etc C. B. S. PUB
Year of Publication 2012
300 ## - PAGE DESCRIPTION
No. of Pages 314
650 ## - SUBJECT ADDED ENTRY--TOPICAL TERM
Topical term or geographic name as entry element PHARMACETICAL CHEMISTRY
653 ## - KEYWORDS--INDEX TERM
Keyword term CHEMISTRY
942 ## - ADDED ENTRY ELEMENTS (KOHA)
Source of classification or shelving scheme Dewey Decimal Classification
Koha item type Books
Holdings
Withdrawn status Lost status Source of classification or shelving scheme Damaged status Use restrictions Not for loan Collection code Home library Current library Shelving location Date acquired SGTU Bill Number Full call number Accession No. (Barcode) Date last seen Bill Date Koha item type
    Dewey Decimal Classification   Restricted Access   PHARMACY SGT FA-FP Library SGT FA-FP Library Text Book 03/04/2023 SGTU GIFTED 615.7 P12A FP4622G 03/04/2023 03/04/2023 Gifted Books